The industrial wastewater systems : (Record no. 96445)
[ view plain ]
| 000 -LEADER | |
|---|---|
| fixed length control field | 00701cam a2200217 4500 |
| 008 - FIXED-LENGTH DATA ELEMENTS--GENERAL INFORMATION | |
| fixed length control field | 050204t19981998flua g 000 0 eng u |
| 020 ## - INTERNATIONAL STANDARD BOOK NUMBER | |
| International Standard Book Number | 1566702097 |
| 100 1# - MAIN ENTRY--PERSONAL NAME | |
| Personal name | Stephenson, Ralph L. |
| 245 14 - TITLE STATEMENT | |
| Title | The industrial wastewater systems : |
| Remainder of title | Hanbook / |
| Statement of responsibility, etc | Ralph L. Stephenson, James B. Blackburn. |
| 250 ## - EDITION STATEMENT | |
| Edition statement | 1a. ed |
| 260 ## - PUBLICATION, DISTRIBUTION, ETC. (IMPRINT) | |
| Place of publication, distribution, etc | Boca Raton, Florida : |
| Name of publisher, distributor, etc | Lewis, |
| Date of publication, distribution, etc | c1998 |
| 300 ## - PHYSICAL DESCRIPTION | |
| Extent | 495.p.: |
| Other physical details | il. ; |
| Dimensions | 26 cm. |
| 504 ## - BIBLIOGRAPHY, ETC. NOTE | |
| Bibliography, etc | Incluye bibliografías, glosario, e índice |
| 506 ## - RESTRICTIONS ON ACCESS NOTE | |
| Terms governing access | Fomes 2000 |
| 650 10 - SUBJECT ADDED ENTRY--TOPICAL TERM | |
| Topical term or geographic name as entry element | Residuos Industriales. |
| 650 20 - SUBJECT ADDED ENTRY--TOPICAL TERM | |
| Topical term or geographic name as entry element | Basuras y aprovechamiento de basuras. |
| 700 1# - ADDED ENTRY--PERSONAL NAME | |
| Personal name | Blackburn, James B.,coaut. |
| 942 ## - ADDED ENTRY ELEMENTS (KOHA) | |
| Source of classification or shelving scheme | Biblioteca del Cogreso de los Estados Unidos |
| Koha item type | Libro |
| Estado de pérdida | Fuente de clasificación | Estado del daño | No para préstamo | Ubicación permanente | Ubicación actual | Apartado o colección | Fecha de adquisición | Edición | Enumeración de Serie / Cronológica | Dependencia de educación superior (DES) | Área del conocimiento | Clasificación | Código de Barras | Date last seen | Número de copia | Tipo de recurso |
|---|---|---|---|---|---|---|---|---|---|---|---|---|---|---|---|---|
| Biblioteca del Cogreso de los Estados Unidos | Consulta | Biblioteca de la Facultad de Ingeniería Química | Biblioteca de la Facultad de Ingeniería Química | Consulta | 28/08/2015 | 1a. | BIQO000003461 | Ingeniería y Arquitectura | Ingeniería y Tecnología | TD897.5 S74 1998 | BIQO000003461 | 18/10/2017 | C:1 | Libro |